Movies Quiz

Random Movies or Actress Quiz

Actors By Movie 7-to-1: 2002 Quiz Stats

 Plays Quiz Updated Jul 16, 2018

Challenge
Share
Tweet
Embed
Score 0/28 Timer 06:00
7 Plays Today
% Correct
Leonardo DiCaprio
92.8%
Tobey Maguire
90%
Tom Hanks
86.8%
Wesley Snipes
86.5%
Sean Astin
86.1%
Maggie Smith
85.3%
Liv Tyler
83.7%
Ray Romano
83.2%
Andy Serkis
81.6%
Hugo Weaving
81.1%
Kenneth Branagh
80.1%
Cate Blanchett
79.9%
Richard Harris
77.2%
Robin Williams
76.6%
% Correct
Kirsten Dunst
75.2%
Robbie Coltrane
75%
Christopher Walken
72.2%
John Leguizamo
71.7%
Amy Adams
71.5%
John Rhys-Davies
68.6%
Viggo Mortensen
66.3%
Julie Walters
66%
Jack Black
62.3%
Matthew Lewis
57.5%
Martin Sheen
51.6%
Ron Perlman
50.2%
Willem Dafoe
50.2%
Alan Tudyk
41.4%

You're not logged in!

Compare scores with friends on all Sporcle quizzes.
OR
Log In

You Might Also Like...

Show Comments

Extras

Top Quizzes Today


Score Distribution

Your Account Isn't Verified!

In order to create a playlist on Sporcle, you need to verify the email address you used during registration. Go to your Sporcle Settings to finish the process.

Report this User

Report this user for behavior that violates our Community Guidelines.

Details: